[Event "HUN-chT2 Maroczy 1415"]
[Site "Hungary"]
[Date "2014.11.30"]
[Round "3"]
[White "Karikas, Marianna"]
[Black "Nemeth, Viktoria"]
[Result "1/2-1/2"]
[WhiteElo "1886"]
[BlackElo "1885"]
[PlyCount "30"]
[EventDate "2014.10.12"]
[EventType "team-tourn"]
[EventRounds "9"]
[EventCountry "HUN"]
[SourceTitle "EXT 2016"]
[Source "ChessBase"]
[SourceDate "2015.10.08"]
[SourceVersion "1"]
[SourceVersionDate "2015.10.08"]
[SourceQuality "1"]
[WhiteTeam "Hajduboszormeny"]
[BlackTeam "Magyar Sakkvilag"]
[WhiteTeamCountry "HUN"]
[BlackTeamCountry "HUN"]

1. d4 d5 2. Nf3 Nf6 3. e3 e6 4. Bd3 c5 5. c4 Nc6 6. a3 cxd4 7. exd4 dxc4 8. Bxc4 Be7 9. 0-0 0-0 10. Nc3 a6 11. Bf4 b5 12. Ba2 Bb7 13. d5 exd5 14. Nxd5 Nxd5 15. Bxd5 Rc8 1/2-1/2

[Event "HUN-chT2 Maroczy 1213"]
[Site "Hungary"]
[Date "2012.12.02"]
[Round "5"]
[White "Nemeth, Viktoria"]
[Black "Tozser, Tamas"]
[Result "1-0"]
[WhiteElo "1879"]
[BlackElo "1482"]
[PlyCount "41"]
[EventDate "2012.09.16"]
[EventType "team-tourn"]
[EventRounds "11"]
[EventCountry "HUN"]
[SourceTitle "EXT 2014"]
[Source "ChessBase"]
[SourceDate "2013.11.20"]
[SourceVersion "1"]
[SourceVersionDate "2013.11.20"]
[SourceQuality "1"]
[WhiteTeam "Taban Spartacus"]
[BlackTeam "Hajduszoboszlo"]
[WhiteTeamCountry "HUN"]
[BlackTeamCountry "HUN"]

1. e4 e5 2. Nf3 Nc6 3. Bb5 a6 4. Ba4 Nf6 5. 0-0 Be7 6. c3 b5 7. Bc2 d6 8. d4 exd4 9. cxd4 Bg4 10. Be3 0-0 11. Nbd2 Nb4 12. Bb3 c5 13. a3 Nc6 14. Qc2 c4 15. Ba2 d5 16. e5 Ne4 17. Nxe4 dxe4 18. Qxe4 Bxf3 19. gxf3 Qc7 20. Qg4 Rad8 21. Bh6 1-0

[Event "HUN-chT2 Maroczy 1213"]
[Site "Hungary"]
[Date "2012.11.18"]
[Round "4"]
[White "Gunyecz, Zoltan"]
[Black "Nemeth, Viktoria"]
[Result "1-0"]
[WhiteElo "1912"]
[BlackElo "1879"]
[PlyCount "89"]
[EventDate "2012.09.16"]
[EventType "team-tourn"]
[EventRounds "11"]
[EventCountry "HUN"]
[SourceTitle "EXT 2014"]
[Source "ChessBase"]
[SourceDate "2013.11.20"]
[SourceVersion "1"]
[SourceVersionDate "2013.11.20"]
[SourceQuality "1"]
[WhiteTeam "Kisvarda"]
[BlackTeam "Taban Spartacus"]
[WhiteTeamCountry "HUN"]
[BlackTeamCountry "HUN"]

1. d4 d5 2. c4 Nf6 3. cxd5 Nxd5 4. Nf3 Bg4 5. Ne5 Bh5 6. Qb3 Nb6 7. e3 N8d7 8. Nd3 e6 9. a4 a5 10. Bd2 c6 11. Na3 Qc7 12. Rc1 Nf6 13. f3 Be7 14. Kf2 Bg6 15. Be2 Nbd5 16. Nc4 Bxd3 17. Bxd3 Bb4 18. Bc3 Bxc3 19. bxc3 0-0 20. Rb1 Rfb8 21. Nb6 Nxb6 22. Qxb6 Qd6 23. g3 h6 24. Rhd1 Nd5 25. Qb3 Nc7 26. c4 Qe7 27. Qb6 Na6 28. Qb3 Nb4 29. c5 Rd8 30. f4 Rd7 31. Bc4 Rad8 32. h4 Qf6 33. Be2 Rd5 34. Bf3 R5d7 35. Qc3 Qf5 36. g4 Qc2+ 37. Qd2 Qxa4 38. Ra1 Qb3 39. Rxa5 Nd5 40. Bxd5 exd5 41. Qd3 Qb2+ 42. Qd2 Qb3 43. Raa1 Re7 44. Rdb1 Qc4 45. Rb4 1-0

[Event "Budapest-chT1 Lilienthal 1011"]
[Site "Budapest"]
[Date "2010.10.03"]
[Round "2"]
[White "Nemeth, Viktoria"]
[Black "Wanger, Tamas"]
[Result "0-1"]
[WhiteElo "1902"]
[BlackElo "1759"]
[PlyCount "60"]
[EventDate "2010.09.19"]
[EventType "team-tourn"]
[EventRounds "11"]
[EventCountry "HUN"]
[SourceTitle "EXT 2020"]
[Source "ChessBase"]
[SourceDate "2019.10.17"]
[SourceVersion "1"]
[SourceVersionDate "2019.10.17"]
[SourceQuality "1"]
[WhiteTeam "Taban Spartacus II"]
[BlackTeam "Csepel"]
[WhiteTeamCountry "HUN"]
[BlackTeamCountry "HUN"]

1. e4 e6 2. d4 d5 3. exd5 exd5 4. Nf3 Nf6 5. c4 Be7 6. Be2 0-0 7. h3 Bb4+ 8. Bd2 Bxd2+ 9. Nbxd2 Bf5 10. 0-0 c6 11. Qb3 Qc7 12. Rac1 Qb6 13. Qc3 Nbd7 14. Nh4 Bg6 15. c5 Qc7 16. f4 Ne4 17. Nxe4 Bxe4 18. Qg3 f5 19. Qg5 Qd8 20. Qg3 Qf6 21. Rcd1 Rfe8 22. Bf3 Nf8 23. Bh5 g6 24. Be2 Bxg2 25. Rf2 Be4 26. Bf3 Rad8 27. Rfd2 Rd7 28. Bxe4 fxe4 29. f5 Rg7 30. fxg6 Nxg6 0-1

[Event "Budapest-chT1 Lilienthal 1011"]
[Site "Budapest"]
[Date "2010.09.19"]
[Round "1"]
[White "Nemeth, Viktoria"]
[Black "Baraz, Andras"]
[Result "0-1"]
[WhiteElo "1902"]
[BlackElo "1904"]
[PlyCount "56"]
[EventDate "2010.09.19"]
[EventType "team-tourn"]
[EventRounds "11"]
[EventCountry "HUN"]
[SourceTitle "EXT 2020"]
[Source "ChessBase"]
[SourceDate "2019.10.17"]
[SourceVersion "1"]
[SourceVersionDate "2019.10.17"]
[SourceQuality "1"]
[WhiteTeam "Taban Spartacus II"]
[BlackTeam "Budapest Ujpest KSE"]
[WhiteTeamCountry "HUN"]
[BlackTeamCountry "HUN"]

1. e4 e5 2. Nf3 Nf6 3. Nxe5 d6 4. Nf3 Nxe4 5. Nc3 Nxc3 6. dxc3 Be7 7. Be3 0-0 8. Bd3 Nc6 9. h4 Ne5 10. Nxe5 dxe5 11. Qh5 f5 12. Bg5 Qe8 13. Bc4+ Kh8 14. Qxe8 Rxe8 15. Bf7 Rf8 16. Bc4 Bd6 17. 0-0-0 h6 18. g3 f4 19. gxf4 Bg4 20. Rdg1 Bf3 21. Rh3 e4 22. f5 Rxf5 23. Be6 Rff8 24. Kd2 Bc5 25. Be3 Rad8+ 26. Kc1 Bxe3+ 27. fxe3 Rd6 28. Bg4 Bxg4 0-1

[Event "HUN-chT 0607"]
[Site "Hungary"]
[Date "2006.12.03"]
[Round "3"]
[White "Nemeth, Viktoria"]
[Black "Balazs, Gabor1111"]
[Result "0-1"]
[WhiteElo "1935"]
[BlackElo "2275"]
[PlyCount "56"]
[EventDate "2006.11.12"]
[EventType "team"]
[EventRounds "11"]
[EventCountry "HUN"]
[SourceTitle "EXT 2008"]
[Source "ChessBase"]
[SourceDate "2007.11.25"]
[SourceVersion "1"]
[SourceVersionDate "2007.11.25"]
[SourceQuality "1"]
[WhiteTeam "Taban Spartacus"]
[BlackTeam "Paks"]
[WhiteTeamCountry "HUN"]
[BlackTeamCountry "HUN"]

1. e4 c5 2. Nf3 e6 3. d4 cxd4 4. Nxd4 Nc6 5. Nc3 Qc7 6. Be3 a6 7. a3 Nf6 8. Be2 b5 9. 0-0 Bb7 10. f3 Be7 11. Kh1 0-0 12. Bd3 d6 13. f4 Na5 14. Qe2 Rfe8 15. Bg1 Nd7 16. Rae1 Bf6 17. Qg4 Rac8 18. f5 Ne5 19. Qg3 Qe7 20. Re2 Nac4 21. Bxc4 Nxc4 22. Nd1 Kh8 23. c3 e5 24. Nf3 d5 25. exd5 Bxd5 26. Nd2 Nxd2 27. Rxd2 Bc4 28. Rf3 e4 0-1

[Event "HUN-chT 0607"]
[Site "Hungary"]
[Date "2006.11.26"]
[Round "2"]
[White "Hidegh, Eszter"]
[Black "Nemeth, Viktoria"]
[Result "1-0"]
[WhiteElo "2140"]
[BlackElo "1935"]
[PlyCount "39"]
[EventDate "2006.11.12"]
[EventType "team"]
[EventRounds "11"]
[EventCountry "HUN"]
[SourceTitle "EXT 2008"]
[Source "ChessBase"]
[SourceDate "2007.11.25"]
[SourceVersion "1"]
[SourceVersionDate "2007.11.25"]
[SourceQuality "1"]
[WhiteTeam "Edeleny"]
[BlackTeam "Taban Spartacus"]
[WhiteTeamCountry "HUN"]
[BlackTeamCountry "HUN"]

1. e4 c5 2. Nc3 Nc6 3. g3 g6 4. Bg2 Bg7 5. d3 d6 6. f4 e6 7. Be3 Nge7 8. Nf3 0-0 9. 0-0 b6 10. d4 Ba6 11. Re1 Qc7 12. a4 d5 13. exd5 cxd4 14. Nxd4 Bxd4 15. Bxd4 Nxd5 16. Bxd5 exd5 17. Nxd5 Qd6 18. Nf6+ Kh8 19. Bc3 Qc5+ 20. Kg2 1-0

[Event "HUN-chT 0607"]
[Site "Hungary"]
[Date "2006.11.12"]
[Round "1"]
[White "Nemeth, Viktoria"]
[Black "Mihok, Oliver"]
[Result "0-1"]
[WhiteElo "1935"]
[BlackElo "2248"]
[PlyCount "70"]
[EventDate "2006.11.12"]
[EventType "team"]
[EventRounds "11"]
[EventCountry "HUN"]
[SourceTitle "EXT 2008"]
[Source "ChessBase"]
[SourceDate "2007.11.25"]
[SourceVersion "1"]
[SourceVersionDate "2007.11.25"]
[SourceQuality "1"]
[WhiteTeam "Taban Spartacus"]
[BlackTeam "Csuti"]
[WhiteTeamCountry "HUN"]
[BlackTeamCountry "HUN"]

1. e4 c5 2. Nf3 Nc6 3. d4 cxd4 4. Nxd4 Qb6 5. Nb3 Nf6 6. Nc3 e6 7. Be3 Qc7 8. f3 Bb4 9. Qd2 d5 10. a3 Bxc3 11. Qxc3 dxe4 12. fxe4 0-0 13. Bd3 Ng4 14. Bc5 Rd8 15. 0-0-0 b6 16. h3 Nge5 17. Be3 Bb7 18. Rhf1 Rac8 19. Bb5 Qb8 20. Rxd8+ Nxd8 21. Qd4 Qc7 22. Rf2 Ndc6 23. Bxc6 Nxc6 24. Qc3 Qe7 25. Qd2 Ne5 26. Bd4 Nc4 27. Qe2 e5 28. Be3 Bxe4 29. Bxb6 Qb7 30. Ba5 Bxc2 31. Qxc2 Nxa5 32. Nxa5 Rxc2+ 33. Rxc2 Qd7 34. Rd2 Qe7 35. Nc6 Qc5+ 0-1

[Event "Pobeskydy Radegast 17th"]
[Site "Frydek Mistek"]
[Date "2006.04.13"]
[Round "1"]
[White "Nemeth, Viktoria"]
[Black "Macicek, Jan"]
[Result "1/2-1/2"]
[WhiteElo "1908"]
[BlackElo "2135"]
[PlyCount "62"]
[EventDate "2006.04.13"]
[EventType "swiss"]
[EventRounds "9"]
[EventCountry "CZE"]
[SourceTitle "CBM 111 Extra"]
[Source "ChessBase"]
[SourceDate "2006.05.09"]
[SourceVersion "1"]
[SourceVersionDate "2006.05.09"]
[SourceQuality "1"]

1. e4 c5 2. Nf3 e6 3. d4 cxd4 4. Nxd4 Bc5 5. Be3 Qb6 6. b3 Nc6 7. c3 Nf6 8. Nc2 0-0 9. Bd3 Ne5 10. 0-0 Nfg4 11. Bxc5 Qxc5 12. Nd4 Nh6 13. Qc2 Nxd3 14. Qxd3 f5 15. Nd2 fxe4 16. Nxe4 Qe7 17. Rae1 d5 18. Ng3 Bd7 19. c4 dxc4 20. Qxc4 Rac8 21. Qd5 exd5 22. Rxe7 Rf7 23. Re5 Bc6 24. Rfe1 g6 25. Nxc6 bxc6 26. Re8+ Rxe8 27. Rxe8+ Rf8 28. Re7 Rf7 29. Re8+ Rf8 30. Re7 Rf7 31. Re8+ Rf8 1/2-1/2

[Event "HUN-chT 0506"]
[Site "Hungary"]
[Date "2006.03.19"]
[Round "9"]
[White "Nemeth, Viktoria"]
[Black "Morvay, Miklos"]
[Result "0-1"]
[WhiteElo "1910"]
[BlackElo "2249"]
[PlyCount "80"]
[EventDate "2005.10.16"]
[EventType "team"]
[EventRounds "11"]
[EventCountry "HUN"]
[SourceTitle "EXT 2007"]
[Source "ChessBase"]
[SourceDate "2006.11.23"]
[SourceVersion "1"]
[SourceVersionDate "2006.11.23"]
[SourceQuality "1"]

1. e4 c5 2. Nf3 d6 3. d4 cxd4 4. Nxd4 Nf6 5. Nc3 a6 6. Be2 e6 7. Be3 Qc7 8. f3 Nbd7 9. 0-0 Be7 10. Qe1 0-0 11. Qg3 Ne5 12. Rad1 b5 13. f4 Nc4 14. Bxc4 Qxc4 15. e5 Ne8 16. Qf3 d5 17. f5 Bc5 18. f6 gxf6 19. exf6 Kh8 20. Nb3 Bxe3+ 21. Qxe3 Qg4 22. Rf3 Rg8 23. Rg3 Qh4 24. Rf3 Bb7 25. Nd4 Nd6 26. b3 Rac8 27. Rdf1 Ne4 28. Nxe4 dxe4 29. Rh3 Qg5 30. Qe2 e3 31. Rg3 Qe5 32. Rxg8+ Rxg8 33. Nf3 Qe4 34. Kh1 Rc8 35. Ne1 Qd4 36. Nd3 Rg8 37. Rg1 Qxf6 38. Qxe3 Rxg2 39. Rxg2 Qf1+ 40. Qg1 Bxg2# 0-1

[Event "HUN-ch U16 Girls"]
[Site "Balatonlelle"]
[Date "2005.07.07"]
[Round "9"]
[White "Ignacz, Maria"]
[Black "Nemeth, Viktoria"]
[Result "1-0"]
[WhiteElo "2187"]
[BlackElo "1891"]
[PlyCount "45"]
[EventDate "2005.06.29"]
[EventType "swiss"]
[EventRounds "9"]
[EventCountry "HUN"]
[SourceTitle "EXT 2008"]
[Source "ChessBase"]
[SourceDate "2007.11.25"]
[SourceVersion "1"]
[SourceVersionDate "2007.11.25"]
[SourceQuality "1"]

1. d4 d5 2. c4 e6 3. Nf3 Nf6 4. g3 Be7 5. Bg2 0-0 6. 0-0 c6 7. Nc3 b6 8. Qa4 Bb7 9. Rd1 Nbd7 10. Ne5 Qc8 11. Bg5 h6 12. Nxd7 Qxd7 13. Bxf6 Bxf6 14. cxd5 exd5 15. Nxd5 Qd6 16. Nxf6+ Qxf6 17. Rac1 b5 18. Qb3 Rad8 19. e3 Rd6 20. Rc5 Bc8 21. Rdc1 Be6 22. Qa3 Bd5 23. e4 1-0

[Event "HUN-chT2 Charousek 0405"]
[Site "Hungary"]
[Date "2005.04.24"]
[Round "11"]
[White "Honsch, Kamilla"]
[Black "Nemeth, Viktoria"]
[Result "1/2-1/2"]
[WhiteElo "1825"]
[BlackElo "1912"]
[PlyCount "84"]
[EventDate "2004.09.26"]
[EventType "team"]
[EventRounds "11"]
[EventCountry "HUN"]
[SourceTitle "EXT 2008"]
[Source "ChessBase"]
[SourceDate "2007.11.25"]
[SourceVersion "1"]
[SourceVersionDate "2007.11.25"]
[SourceQuality "1"]
[WhiteTeam "Szentendre"]
[BlackTeam "Taban Spartacus"]
[WhiteTeamCountry "HUN"]
[BlackTeamCountry "HUN"]

1. c4 e6 2. e4 d5 3. cxd5 exd5 4. e5 d4 5. Qe2 c5 6. d3 Nc6 7. a3 Be6 8. Nf3 h6 9. g3 Nge7 10. Nbd2 Nd5 11. Bg2 Be7 12. 0-0 0-0 13. Ne4 Qc7 14. Bf4 Rae8 15. Qd2 Nxf4 16. gxf4 b6 17. Ng3 Qd7 18. Kh1 f6 19. Rae1 fxe5 20. Nxe5 Nxe5 21. fxe5 Bd5 22. f4 Bh4 23. Bxd5+ Qxd5+ 24. Qg2 Qd7 25. Re4 Bxg3 26. Qxg3 Rf5 27. Rg1 Qb7 28. h3 Re7 29. Qh4 Kh8 30. Kh2 Qd7 31. Qg4 Rf8 32. e6 Qd6 33. Kh1 Rf6 34. Rge1 Qd5 35. Kh2 Qb3 36. Qe2 b5 37. Kg3 Qd5 38. Re5 Qd6 39. Qe4 c4 40. Qa8+ Kh7 41. Qe4+ Kg8 42. Qa8+ Kh7 1/2-1/2

[Event "HUN-chT U20"]
[Site "Budapest"]
[Date "2004.12.30"]
[Round "7"]
[White "Nemeth, Viktoria"]
[Black "Tichy Racs, Balint"]
[Result "1/2-1/2"]
[WhiteElo "1912"]
[BlackElo "1975"]
[PlyCount "70"]
[EventDate "2004.12.27"]
[EventType "team"]
[EventRounds "7"]
[EventCountry "HUN"]
[SourceTitle "EXT 2008"]
[Source "ChessBase"]
[SourceDate "2007.11.25"]
[SourceVersion "1"]
[SourceVersionDate "2007.11.25"]
[SourceQuality "1"]

1. e4 c6 2. d4 d5 3. exd5 cxd5 4. Nf3 Nf6 5. c4 e6 6. c5 b6 7. b4 a5 8. Bb5+ Bd7 9. Qa4 Qc7 10. Ne5 Bxb5 11. Qxb5+ Nfd7 12. Bf4 Qa7 13. Nxd7 Nxd7 14. c6 Bxb4+ 15. Nd2 Nf6 16. c7+ Ke7 17. Rc1 Qb7 18. Rc6 Nd7 19. 0-0 Rhc8 20. Nf3 Qa6 21. Qxa6 Rxa6 22. Ra1 f6 23. a3 e5 24. axb4 exf4 25. Re1+ Kf7 26. bxa5 Rxa5 27. Rec1 Ra7 28. Ne1 Nf8 29. Nd3 Ne6 30. Rxb6 Raxc7 31. Re1 Rc3 32. Nb4 Nxd4 33. Nxd5 Rc1 34. Rb7+ Kg6 35. Rbe7 f3 1/2-1/2

[Event "HUN-chT U20"]
[Site "Budapest"]
[Date "2004.12.28"]
[Round "3"]
[White "Egyed, Zsombor"]
[Black "Nemeth, Viktoria"]
[Result "1-0"]
[WhiteElo "1559"]
[BlackElo "1912"]
[PlyCount "59"]
[EventDate "2004.12.27"]
[EventType "team"]
[EventRounds "7"]
[EventCountry "HUN"]
[SourceTitle "EXT 2008"]
[Source "ChessBase"]
[SourceDate "2007.11.25"]
[SourceVersion "1"]
[SourceVersionDate "2007.11.25"]
[SourceQuality "1"]

1. e4 c5 2. Nf3 d6 3. Bc4 Nf6 4. Qe2 Bg4 5. h3 Bh5 6. 0-0 Nc6 7. c3 Ne5 8. d4 cxd4 9. Bb5+ Nfd7 10. Bxd7+ Qxd7 11. Kh2 dxc3 12. Nxc3 Nxf3+ 13. gxf3 a6 14. Nd5 Rb8 15. Be3 e6 16. Ba7 Rd8 17. Nf4 Bg6 18. Rac1 Be7 19. Rg1 Bf6 20. b3 Be5 21. Be3 Qe7 22. Rg3 Qf6 23. Qd2 h5 24. Kg2 h4 25. Rg4 Rb8 26. Nd3 Bh5 27. Bg5 Qg6 28. Nxe5 dxe5 29. Qd6 f6 30. Qxb8+ 1-0

[Event "Goed op 1st"]
[Site "Goed"]
[Date "2004.08.04"]
[Round "9"]
[White "Bogad, Peter"]
[Black "Nemeth, Viktoria"]
[Result "1-0"]
[WhiteElo "1974"]
[BlackElo "1912"]
[PlyCount "65"]
[EventDate "2004.07.??"]
[EventType "swiss"]
[EventRounds "9"]
[EventCountry "HUN"]
[SourceTitle "EXT 2006"]
[Source "ChessBase"]
[SourceDate "2005.11.24"]
[SourceVersion "1"]
[SourceVersionDate "2005.11.24"]
[SourceQuality "1"]

1. e4 c5 2. Nf3 d6 3. d4 cxd4 4. Nxd4 Nf6 5. Nc3 g6 6. Bg5 Bg7 7. Qd2 Nc6 8. Nb3 Bd7 9. 0-0-0 Rc8 10. Kb1 a6 11. Bh6 0-0 12. f3 b5 13. g4 Ne5 14. Bxg7 Kxg7 15. g5 Nh5 16. f4 Nc4 17. Qf2 Qc7 18. Nd5 Qd8 19. Be2 Be6 20. Bxh5 Bxd5 21. exd5 gxh5 22. Nd4 Qc7 23. Nf5+ Kg8 24. Nh6+ Kg7 25. Qd4+ f6 26. Nf5+ Kg8 27. Rhg1 Na3+ 28. bxa3 Qxc2+ 29. Ka1 Qxf5 30. gxf6+ Kh8 31. fxe7+ Rf6 32. Rde1 Re8 33. Re6 1-0

[Event "Bergamo op 3rd"]
[Site "Bergamo"]
[Date "2004.07.23"]
[Round "3"]
[White "Nemeth, Viktoria"]
[Black "Andersen, Alf Roger"]
[Result "0-1"]
[WhiteElo "1912"]
[BlackElo "2186"]
[PlyCount "50"]
[EventDate "2004.07.22"]
[EventType "swiss"]
[EventRounds "7"]
[EventCountry "ITA"]
[SourceTitle "CBM 101 Extra"]
[Source "ChessBase"]
[SourceDate "2004.09.01"]
[SourceVersion "2"]
[SourceVersionDate "2004.09.01"]
[SourceQuality "1"]

1. e4 c5 2. Nf3 d6 3. d4 cxd4 4. Nxd4 Nf6 5. Nc3 g6 6. Be3 Bg7 7. f3 Nc6 8. Qd2 0-0 9. 0-0-0 Bd7 10. g4 Rc8 11. h4 Ne5 12. h5 Qa5 13. hxg6 fxg6 14. Kb1 Nxf3 15. Nxf3 Bxg4 16. Be2 Rxc3 17. Qxc3 Qxc3 18. bxc3 Nxe4 19. Bd4 e5 20. Nxe5 Bxe2 21. Nd7 Rf7 22. Rde1 Bf3 23. Rh3 Rxd7 24. Kc1 Ng5 25. Rg3 h6 0-1

[Event "HUN-ch U16 Girls"]
[Site "Miskolc"]
[Date "2004.07.06"]
[Round "2"]
[White "Tardos, Zsofia"]
[Black "Nemeth, Viktoria"]
[Result "0-1"]
[WhiteElo "1823"]
[BlackElo "1912"]
[PlyCount "60"]
[EventDate "2004.07.05"]
[EventType "swiss"]
[EventRounds "9"]
[EventCountry "HUN"]
[SourceTitle "EXT 2008"]
[Source "ChessBase"]
[SourceDate "2007.11.25"]
[SourceVersion "1"]
[SourceVersionDate "2007.11.25"]
[SourceQuality "1"]

1. e4 c5 2. Nf3 d6 3. d4 cxd4 4. Nxd4 Nf6 5. Nc3 g6 6. Be3 Bg7 7. f3 Nc6 8. Qd2 Bd7 9. 0-0-0 h5 10. h4 Rc8 11. Be2 Ne5 12. Rdg1 Nc4 13. Bxc4 Rxc4 14. g4 hxg4 15. f4 Rh5 16. Rf1 Qc8 17. Nde2 b5 18. Ng3 Rh8 19. e5 b4 20. Nce2 dxe5 21. fxe5 Nh5 22. Bd4 Bh6 23. Be3 Bxe3 24. Qxe3 Rxc2+ 25. Kb1 Bb5 26. Qb3 Rc4 27. Rc1 Nxg3 28. Nxg3 Rxh4 29. Qxb4 Rxc1+ 30. Rxc1 Bd3+ 0-1

[Event "HUN-ch U16 Girls"]
[Site "Miskolc"]
[Date "2004.07.05"]
[Round "1"]
[White "Nemeth, Viktoria"]
[Black "Biro, Eniko"]
[Result "1-0"]
[WhiteElo "1912"]
[BlackElo "1670"]
[PlyCount "37"]
[EventDate "2004.07.05"]
[EventType "swiss"]
[EventRounds "9"]
[EventCountry "HUN"]
[SourceTitle "EXT 2008"]
[Source "ChessBase"]
[SourceDate "2007.11.25"]
[SourceVersion "1"]
[SourceVersionDate "2007.11.25"]
[SourceQuality "1"]

1. e4 e6 2. d4 d5 3. Nc3 Bb4 4. e5 Ne7 5. Bd3 c5 6. a3 Bxc3+ 7. bxc3 Nbc6 8. Nf3 Bd7 9. 0-0 0-0 10. h4 cxd4 11. Bxh7+ Kh8 12. Ng5 g6 13. cxd4 Nf5 14. h5 Kg7 15. c3 Rh8 16. g4 Nfe7 17. Qf3 Qe8 18. Qf6+ Kh6 19. Nxe6+ 1-0

[Event "HUN-chT2 0102"]
[Site "Hungary"]
[Date "2002.04.07"]
[Round "10"]
[White "Nemeth, Viktoria"]
[Black "Kalyinka, Roland"]
[Result "0-1"]
[WhiteElo "1803"]
[BlackElo "1895"]
[PlyCount "80"]
[EventDate "2001.??.??"]
[EventType "team"]
[EventRounds "11"]
[EventCountry "HUN"]
[SourceTitle "EXT 2004"]
[Source "ChessBase"]
[SourceDate "2003.11.25"]
[SourceVersion "1"]
[SourceVersionDate "2003.11.25"]
[SourceQuality "1"]

1. e4 e5 2. Nf3 Nc6 3. Bb5 a6 4. Ba4 Nf6 5. 0-0 Be7 6. Nc3 d6 7. h3 b5 8. Bb3 Na5 9. d3 h6 10. Qe2 0-0 11. Nd5 c5 12. c3 Bb7 13. Nxe7+ Qxe7 14. Bc2 Rfe8 15. Bd2 c4 16. d4 exd4 17. cxd4 Qc7 18. e5 dxe5 19. dxe5 Nc6 20. Bf4 Nb4 21. Qd2 Nh5 22. Qxb4 Nxf4 23. Qa3 Qc6 24. Kh2 Rxe5 25. Rfe1 Rae8 26. Rxe5 Rxe5 27. Rd1 Re8 28. Qb4 Qc7 29. Kh1 Nxh3 30. Qd2 Bxf3 31. gxf3 Qe7 32. Kg2 Ng5 33. Qf4 Ne6 34. Qf5 Qg5+ 35. Qg4 h5 36. Qg3 Qxg3+ 37. fxg3 Rd8 38. Re1 Rd2+ 39. Kf1 Rxc2 40. Kg1 Rxb2 0-1

[Event "HUN-chT2 0102"]
[Site "Hungary"]
[Date "2002.01.27"]
[Round "6"]
[White "Nemeth, Viktoria"]
[Black "Nagy, Attila"]
[Result "0-1"]
[WhiteElo "1803"]
[BlackElo "2151"]
[PlyCount "88"]
[EventDate "2001.??.??"]
[EventType "team"]
[EventRounds "11"]
[EventCountry "HUN"]
[SourceTitle "EXT 2004"]
[Source "ChessBase"]
[SourceDate "2003.11.25"]
[SourceVersion "1"]
[SourceVersionDate "2003.11.25"]
[SourceQuality "1"]

1. e4 c5 2. Nf3 a6 3. d4 cxd4 4. Nxd4 Nf6 5. Bd3 e5 6. Nb3 d5 7. exd5 Nxd5 8. 0-0 Nc6 9. Bd2 Be7 10. Nc3 0-0 11. Be4 Nxc3 12. Bxc3 Qc7 13. Re1 Bd6 14. Qh5 f5 15. Bd5+ Kh8 16. Re3 Ne7 17. Rh3 h6 18. Bf7 f4 19. Rd3 Nf5 20. Bg6 Rf6 21. Rad1 Ne7 22. Be4 Bf5 23. Qf3 Raf8 24. Bxf5 Nxf5 25. Qe4 Rg6 26. Rh3 Qe7 27. Rh5 Qf7 28. Rh3 Rg4 29. Bxe5 Bxe5 30. Qxe5 Qg6 31. Qd5 Nh4 32. g3 fxg3 33. Rxg3 Nf3+ 34. Kg2 Nh4+ 35. Kg1 Nf3+ 36. Kg2 Rxg3+ 37. fxg3 Qxc2+ 38. Rd2 Nxd2 39. Nxd2 Qxb2 40. Qd6 Re8 41. Qd7 Rf8 42. Qd6 Qf6 43. Qd3 Qf2+ 44. Kh3 Qf5+ 0-1

[Event "HUN-chT2 0102"]
[Site "Hungary"]
[Date "2002.01.13"]
[Round "5"]
[White "Csizmadia, Lajos"]
[Black "Nemeth, Viktoria"]
[Result "1/2-1/2"]
[WhiteElo "2031"]
[BlackElo "1803"]
[PlyCount "68"]
[EventDate "2001.??.??"]
[EventType "team"]
[EventRounds "11"]
[EventCountry "HUN"]
[SourceTitle "EXT 2004"]
[Source "ChessBase"]
[SourceDate "2003.11.25"]
[SourceVersion "1"]
[SourceVersionDate "2003.11.25"]
[SourceQuality "1"]

1. e4 c5 2. Nf3 e6 3. d4 cxd4 4. Nxd4 a6 5. c4 Nf6 6. Nc3 Bb4 7. Bd3 0-0 8. 0-0 Qc7 9. Bg5 Be7 10. Rc1 Nc6 11. Nxc6 dxc6 12. Be3 Rd8 13. Qe2 e5 14. f3 Be6 15. Rfd1 Qa5 16. Qf2 Nd7 17. a3 Bc5 18. Be2 Bxe3 19. Qxe3 Qb6 20. Qxb6 Nxb6 21. b3 Nd7 22. b4 b6 23. Rd6 Rac8 24. Rcd1 Kf8 25. c5 b5 26. Kf2 Ke7 27. Ke3 Nf8 28. g3 Bb3 29. Rxd8 Rxd8 30. Rxd8 Kxd8 31. Bd3 Ne6 32. Ne2 Bd1 33. Nc3 Bb3 34. f4 f6 1/2-1/2